<?xml version="1.0" encoding="UTF-8"?>
<record
    xmlns:xsi="http://www.w3.org/2001/XMLSchema-instance"
    xsi:schemaLocation="http://www.loc.gov/MARC21/slim http://www.loc.gov/standards/marcxml/schema/MARC21slim.xsd"
    xmlns="http://www.loc.gov/MARC21/slim">

  <leader>01039nam a2200265 a 4500</leader>
  <controlfield tag="001">78524</controlfield>
  <controlfield tag="003">BD-RjUL</controlfield>
  <controlfield tag="005">20211209083135.0</controlfield>
  <controlfield tag="008">210930s2008    bg ||||| m||| 00| 0 eng d</controlfield>
  <datafield tag="035" ind1=" " ind2=" ">
    <subfield code="a">(BD-RjUL)78750</subfield>
  </datafield>
  <datafield tag="040" ind1=" " ind2=" ">
    <subfield code="a">BD-RjUL</subfield>
    <subfield code="c">BD-RjUL</subfield>
    <subfield code="d">BD-RjUL</subfield>
  </datafield>
  <datafield tag="082" ind1=" " ind2=" ">
    <subfield code="a">155.633</subfield>
    <subfield code="b">SAW 2008</subfield>
    <subfield code="2">23</subfield>
  </datafield>
  <datafield tag="100" ind1=" " ind2=" ">
    <subfield code="a">Samad, Syeda Shahria</subfield>
    <subfield code="9">248764</subfield>
  </datafield>
  <datafield tag="245" ind1="0" ind2="1">
    <subfield code="a">Womens Attitudes towoards social change in relation to National Development in Bangladesh / </subfield>
    <subfield code="c">by Syeda Shahria Samad ;</subfield>
    <subfield code="6">Supervisor : Md. Enamul Haque</subfield>
  </datafield>
  <datafield tag="260" ind1=" " ind2=" ">
    <subfield code="a">Rajshahi :</subfield>
    <subfield code="b">Department of Psychology, University of Rajshahi,</subfield>
    <subfield code="c">2008</subfield>
  </datafield>
  <datafield tag="300" ind1=" " ind2=" ">
    <subfield code="a">xiii, 263 Leaves ;</subfield>
    <subfield code="c">29 cm.</subfield>
  </datafield>
  <datafield tag="502" ind1=" " ind2=" ">
    <subfield code="a">Thesis (Ph. D.) -- Department of Psychology, University of Rajshahi, 2008</subfield>
  </datafield>
  <datafield tag="504" ind1=" " ind2=" ">
    <subfield code="a">Bibliography : Leaves [225]-245</subfield>
  </datafield>
  <datafield tag="600" ind1=" " ind2=" ">
    <subfield code="x"> 	      </subfield>
    <subfield code="y">.</subfield>
    <subfield code="9">249037</subfield>
  </datafield>
  <datafield tag="650" ind1=" " ind2=" ">
    <subfield code="a">Women</subfield>
    <subfield code="v">Attitudes</subfield>
    <subfield code="9">249038</subfield>
  </datafield>
  <datafield tag="650" ind1=" " ind2=" ">
    <subfield code="a">Women in development  </subfield>
    <subfield code="z">Bangladesh</subfield>
    <subfield code="9">249039</subfield>
  </datafield>
  <datafield tag="650" ind1=" " ind2=" ">
    <subfield code="a">Women </subfield>
    <subfield code="z">Bangladesh</subfield>
    <subfield code="x">Social conditions</subfield>
    <subfield code="9">249040</subfield>
  </datafield>
  <datafield tag="700" ind1=" " ind2=" ">
    <subfield code="a">Haque, Md. Enamul, Supervisor</subfield>
    <subfield code="9">248766</subfield>
  </datafield>
  <datafield tag="942" ind1=" " ind2=" ">
    <subfield code="2">ddc</subfield>
    <subfield code="c">THE</subfield>
  </datafield>
  <datafield tag="999" ind1=" " ind2=" ">
    <subfield code="c">78524</subfield>
    <subfield code="d">78524</subfield>
  </datafield>
  <datafield tag="952" ind1=" " ind2=" ">
    <subfield code="0">0</subfield>
    <subfield code="1">0</subfield>
    <subfield code="2">ddc</subfield>
    <subfield code="4">0</subfield>
    <subfield code="7">1</subfield>
    <subfield code="8">THESES</subfield>
    <subfield code="a">RUCL</subfield>
    <subfield code="b">RUCL</subfield>
    <subfield code="c">Doc/The</subfield>
    <subfield code="d">2009-08-12</subfield>
    <subfield code="e">Controller of Exam., R.U</subfield>
    <subfield code="l">0</subfield>
    <subfield code="o">THE 155.333 SAW 2008</subfield>
    <subfield code="r">2021-09-30 00:00:00</subfield>
    <subfield code="t">C-1</subfield>
    <subfield code="w">2021-12-09</subfield>
    <subfield code="y">THE</subfield>
  </datafield>
</record>
